| 000 | 00622cam a2200241 4500 | ||
|---|---|---|---|
| 008 | 090401t1992 xxu||||| |||| 00| 0 eng d | ||
| 020 | _a1850721017 | ||
| 035 | _a(Sirsi) u34967 | ||
| 041 | _aeng | ||
| 050 | _a526.092 | ||
| 100 | _aMennim, Eleanor | ||
| 245 | _aTransit circle: the story of William Simms (1793 to 1860) | ||
| 260 |
_aYork _bWilliam Sessions Limited _c1992 |
||
| 300 | _a316p. : ill. ; 21cm. | ||
| 350 | _a10.9 | ||
| 650 | _aHISTORY | ||
| 650 | _aSIMMS WILLIAM | ||
| 650 | _aSURVEYING INSTRUMENTS | ||
| 650 | _aTELESCOPES | ||
| 690 | _aLAND SURVEYING | ||
| 942 | _n0 | ||
| 948 | _c04/03/1997 | ||
| 999 |
_c90018 _d90018 |
||